LEADER 01100nam0-22003491i-450 001 990001102050403321 005 20190708123954.0 035 $a000110205 035 $aFED01000110205 035 $a(Aleph)000110205FED01 035 $a000110205 100 $a20161109d1968----km-y0itay50------ba 101 0 $aeng 200 1 $a<>Atlas of Miscibility Gaps in Molten Salt Systems$fby Cesare Sinistri, Paolo Franzosini e Mario Rolla 210 $aPavia$cInstitute of Physical Chemistry University of Pavia (Italy)$d1968 300 $aIn testa al Front.: Consiglio Nazionale delle Ricerche Gruppo di Termodinamica Chimica 610 0 $aTabelle 610 0 $aAtti di congressi 610 0 $aVarie 676 $a540 700 1$aSinistri,$bCesare$052498 702 1$aFranzosini,$bPaolo 702 1$aRolla,$bMario 801 0$aIT$bUNINA$gRICA$2UNIMARC 901 $aBK 912 $a990001102050403321 952 $aDCH-031-39$fDCH 952 $a36E-012$b17556$fFI1 959 $aDCH 959 $aFI1 996 $aAtlas of Miscibility Gaps in Molten Salt Systems$9338040 997 $aUNINA LEADER 04223nam 22007933u 450 001 9910462528403321 005 20210107025844.0 010 $a1-283-70631-8 010 $a1-4411-1097-6 035 $a(CKB)2670000000270994 035 $a(EBL)1050485 035 $a(OCoLC)818117771 035 $a(SSID)ssj0000826791 035 $a(PQKBManifestationID)12426848 035 $a(PQKBTitleCode)TC0000826791 035 $a(PQKBWorkID)10819987 035 $a(PQKB)10982217 035 $a(MiAaPQ)EBC1050485 035 $a(EXLCZ)992670000000270994 100 $a20131021d2012|||| u|| | 101 0 $aeng 135 $aur|n|---||||| 181 $ctxt 182 $cc 183 $acr 200 10$aLanguage Ideologies and the Globalization of 'Standard' Spanish$b[electronic resource] $eRaising the Standard 210 $aLondon $cBloomsbury Publishing$d2012 215 $a1 online resource (209 p.) 225 1 $aAdvances in Sociolinguistics 300 $aDescription based upon print version of record. 311 $a1-4725-2257-5 311 $a1-4411-8740-5 327 $aCover; HalfTitle; Series; Title; Copyright; Contents; Acknowledgements; List of Abbreviations; Introduction; Language standardization; The Spanish language context; The structure of the book; 1 Language Ideologies, Critical Discourse Analysis and Media Discourse; Introduction; Language ideologies; Critical discourse analysis (CDA); Using CDA to study language ideologies: Examining the intersections; Media discourse; Summary; 2 Language Authorities and the Standardization of Spanish; Introduction; Standard language ideology; Language academies 327 $aThe Real Academia Espan?ola (Royal Academy of the Spanish Language)Other language authorities; Summary; 3 Spanish Linguistic Unity and the Global Community of Speakers; Introduction; Unity of the Spanish language; The community of Spanish-speakers; Unity and community in standardization discourse; Summary; 4 The Role and Authority of the Real Academia Espan?ola and Other Guardians of Spanish; Introduction; The role of language guardians in standardization; The discursive legitimization of role and authority; Summary; 5 The Spanish Language in the World; Introduction 327 $aThe framing of debates about Spanish in the worldPluricentric Spanish and the RAE; To whom does Spanish 'belong'?; Summary; Conclusion; References; Index 330 $aThis book examines how language ideologies are manifested in newspaper media. Using the Spanish press as a case study it considers how media discourse both from and about the Real Academia Espan?ola constitutes a set of 'language ideological debates' in which the institution represents a vision of what the Spanish language is and what it should be like. Paffey adopts a Critical Discourse Analysis approach to a large corpus of texts from Spain's best-selling daily newspapers, El Pai?s and ABC . More generally, the book sheds light on how institutions produce and maintain visions of 'standard lang 410 0$aAdvances in Sociolinguistics 606 $aIdeology 606 $aSociolinguistics 606 $aSpanish language -- 21st century 606 $aSpanish language -- Globalization 606 $aSpanish language$xGlobalization$y21st century 606 $aIdeology 606 $aSociolinguistics 606 $aSpanish language 606 $aLanguages & Literatures$2HILCC 606 $aRomance Languages$2HILCC 608 $aElectronic books. 615 4$aIdeology. 615 4$aSociolinguistics. 615 4$aSpanish language -- 21st century. 615 4$aSpanish language -- Globalization. 615 0$aSpanish language$xGlobalization 615 0$aIdeology 615 0$aSociolinguistics 615 0$aSpanish language 615 7$aLanguages & Literatures 615 7$aRomance Languages 676 $a306.440917/561 676 $a306.440917561 676 $a468 700 $aPaffey$b Darren$0891309 801 0$bAU-PeEL 801 1$bAU-PeEL 801 2$bAU-PeEL 906 $aBOOK 912 $a9910462528403321 996 $aLanguage Ideologies and the Globalization of 'Standard' Spanish$91990739 997 $aUNINA LEADER 02626nam 22004813 450 001 9910985629803321 005 20231219080232.0 010 $a9781789148787$b(electronic bk.) 010 $z9781789148374 035 $a(MiAaPQ)EBC31022942 035 $a(Au-PeEL)EBL31022942 035 $a(CKB)29403460900041 035 $a(Exl-AI)31022942 035 $a(OCoLC)1415229471 035 $a(EXLCZ)9929403460900041 100 $a20231219d2024 uy 0 101 0 $aeng 135 $aurcnu|||||||| 181 $ctxt$2rdacontent 182 $cc$2rdamedia 183 $acr$2rdacarrier 200 10$aAntoni Gaudí 205 $a1st ed. 210 1$aLondon :$cReaktion Books, Limited,$d2024. 210 4$d©2024. 215 $a1 online resource (192 pages) 225 1 $aCritical Lives Series 311 08$aPrint version: Eaude, Michael Antoni Gaudí London : Reaktion Books, Limited,c2024 9781789148374 327 $aCover -- Title Page -- Copyright -- Contents -- Introduction -- 1. Watching Nature Twist and Turn -- 2. Influences -- 3. The Free-Thinking Family -- 4. The First Great Houses -- 5. Religious Crisis -- 6. The Spoiled Child of the Industrial Revolution -- 7. The Busy Years -- 8. Everything Flows -- 9. Stubborn as a Pig -- 10. Gaudí after Death -- References -- Select Bibliography -- Acknowledgements -- Photo Acknowledgements. 330 $aThis book offers a comprehensive exploration of the life and work of Antoni Gaudí, a legendary architect known for his unique and eclectic style. Despite leading a private life and publishing little, Gaudí's architectural masterpieces, such as the Sagrada Família and Park Güell, have made a significant impact on modern architecture and are recognized as UNESCO World Heritage Sites. The book delves into Gaudí's personal contradictions and his total commitment to his craft, exploring his deeply religious beliefs, Catalan nationalism, and the innovative artistry that characterized his work. Written for those interested in art, architecture, and cultural history, the book provides an in-depth look at how Gaudí's personal beliefs and societal influences shaped his monumental creations.$7Generated by AI. 410 0$aCritical Lives Series 606 $aArchitects$zSpain$7Generated by AI 606 $aArchitecture, Modern$y19th century$7Generated by AI 615 0$aArchitects 615 0$aArchitecture, Modern 676 $a720.92 700 $aEaude$b Michael$01794291 801 0$bMiAaPQ 801 1$bMiAaPQ 801 2$bMiAaPQ 912 $a9910985629803321 996 $aAntoni Gaudí$94334830 997 $aUNINA